[Event "1700's Anonymous - The Saga Continues..."]
[Site "SchemingMind.com"]
[Date "2012.01.30"]
[Round "-"]
[White "Transcendent"]
[Black "Clive Everill"]
[Result "0-1"]
[WhiteCountry "ENG"]
[BlackCountry "CZE"]
[WhiteElo "1614"]
[WhiteRD "75"]
[BlackElo "1791"]
[BlackRD "54"]
[GameID "302382"]

1. d4 Nf6 2. c4 d6 3. g3 e5 4. dxe5 dxe5 5. Qxd8+ Kxd8 6. Bg2 c6 7. Nc3 Be6 8. b3 Bb4 9. Bb2 Nbd7 10. Nf3 Ne4
11. Rc1 Ke7 12. O-O Rhd8 13. Nxe4 f6
0-1

[Event "1700's Anonymous - The Saga Continues..."]
[Site "SchemingMind.com"]
[Date "2012.01.31"]
[Round "-"]
[White "Clive Everill"]
[Black "Transcendent"]
[Result "1-0"]
[WhiteCountry "CZE"]
[BlackCountry "ENG"]
[WhiteElo "1791"]
[WhiteRD "54"]
[BlackElo "1614"]
[BlackRD "75"]
[GameID "302383"]

1. e4 c6 2. d4 d5 3. Nd2 dxe4 4. Nxe4 Bf5 5. Nc5 e5 6. Nxb7 Qb6 7. Nc5 exd4 8. Nb3 Bb4+ 9. Bd2 Nf6 10. Nf3 Bxd2+
11. Qxd2 c5 12. Bd3 Be6 13. Qe2 O-O 14. Ne5
1-0

[Event "1700's Anonymous - The Saga Continues..."]
[Site "SchemingMind.com"]
[Date "2012.01.31"]
[Round "-"]
[White "David Hartley"]
[Black "Clive Everill"]
[Result "0-1"]
[WhiteCountry "ENG"]
[BlackCountry "CZE"]
[WhiteElo "1817"]
[WhiteRD "66"]
[BlackElo "1753"]
[BlackRD "55"]
[GameID "302402"]

1. e4 c5 2. c3 g6 3. Nf3 d5 4. exd5 Qxd5 5. d4 Bg7 6. c4 Qd6 7. d5 Nf6 8. Nc3 O-O 9. Be2 Nbd7 10. Rb1 Nb6
11. Bd2 Bf5 12. Nb5 Qd8 13. Rc1 Ne4 14. Nc3 Nxc3 15. Bxc3 Bxc3+ 16. Rxc3 Qd6 17. O-O Rfd8 18. b3 Nd7 19. Re3 Nf6 20. Bd3 Bg4
21. Rfe1 e6 22. dxe6 Bxe6 23. Ng5 Bg4 24. f3 Bh5 25. Qa1 h6 26. Ne6 fxe6 27. Qxf6 Qd4 28. Kh1 Qxf6
0-1

[Event "1700's Anonymous - The Saga Continues..."]
[Site "SchemingMind.com"]
[Date "2012.01.31"]
[Round "-"]
[White "David Hartley"]
[Black "Transcendent"]
[Result "1-0"]
[WhiteCountry "ENG"]
[BlackCountry "ENG"]
[WhiteElo "1829"]
[WhiteRD "72"]
[BlackElo "1614"]
[BlackRD "75"]
[GameID "302403"]

1. e4 c6 2. d4 d5 3. exd5 cxd5 4. Bd3 Nf6 5. c3 Nc6 6. Nf3 Bg4 7. O-O e6 8. Nbd2 Bd6 9. Be2 Qc7 10. Re1 O-O
11. Kh1 Rac8 12. Nf1 Rfe8 13. Nh4 Bxe2 14. Rxe2 e5 15. dxe5 Nxe5 16. Nf5 Ng6 17. Nxd6 Qxd6 18. Be3 a6 19. h3 Rc7 20. Qd2 Rce7
21. Rae1 Ne4 22. Qd4 f5 23. Kg1
1-0

[Event "1700's Anonymous - The Saga Continues..."]
[Site "SchemingMind.com"]
[Date "2012.01.31"]
[Round "-"]
[White "Clive Everill"]
[Black "David Hartley"]
[Result "1-0"]
[WhiteCountry "CZE"]
[BlackCountry "ENG"]
[WhiteElo "1753"]
[WhiteRD "55"]
[BlackElo "1817"]
[BlackRD "66"]
[GameID "302404"]

1. e4 e6 2. d4 d5 3. Nd2 c5 4. Ngf3 Nc6 5. exd5 Qxd5 6. Bc4 Qd8 7. dxc5 Bxc5 8. O-O Nf6 9. Qe2 O-O 10. Nb3 Be7
11. Bg5 Re8 12. Rad1 Qc7 13. g3 Bd7 14. Bf4 Qc8 15. Ng5 h6 16. Nf3 Rd8 17. a3 Be8 18. Rxd8 Qxd8 19. Rd1 Bd7 20. Nfd4 Nxd4
21. Nxd4 Qe8 22. b4 Rd8 23. Bb3 Qf8 24. c4 b6 25. Nf3 Bc6 26. Nd4 Bb7 27. Nb5 Rxd1+ 28. Qxd1 a6 29. Nd4 Bd6 30. Nxe6 fxe6
31. Bxd6 Qc8 32. c5 bxc5 33. Bxc5 Ne4 34. Be3 Qc6 35. f3 Nc3 36. Qf1 Nd5 37. Bc5 Nf6 38. Bd1 g5 39. Kf2 h5 40. Qd3 Kf7
41. Bc2 e5 42. Qg6+ Ke6 43. Be4
1-0

[Event "1700's Anonymous - The Saga Continues..."]
[Site "SchemingMind.com"]
[Date "2012.01.31"]
[Round "-"]
[White "Transcendent"]
[Black "David Hartley"]
[Result "0-1"]
[WhiteCountry "ENG"]
[BlackCountry "ENG"]
[WhiteElo "1614"]
[WhiteRD "75"]
[BlackElo "1829"]
[BlackRD "72"]
[GameID "302405"]

1. d4 d5 2. c4 e6 3. Nf3 Nf6 4. g3 Be7 5. Bg2 O-O 6. O-O c6 7. Qc2 dxc4 8. Qxc4 Nbd7 9. Qc2 Rb8 10. Bg5 Nd5
11. Bxe7 Nxe7 12. e3 Nf6 13. Nc3 Ned5 14. Rad1 Bd7 15. Ne5 Rc8 16. e4 Nxc3 17. bxc3 Qc7 18. f4 Be8 19. f5 exf5 20. Rxf5 Nd7
21. Rdf1 Nf6
0-1

[Event "1700's Anonymous - The Saga Continues..."]
[Site "SchemingMind.com"]
[Date "2012.02.06"]
[Round "-"]
[White "emvarela"]
[Black "David Hartley"]
[Result "1-0"]
[WhiteCountry "ARG"]
[BlackCountry "ENG"]
[WhiteElo "1778"]
[WhiteRD "48"]
[BlackElo "1814"]
[BlackRD "74"]
[GameID "302481"]

1. e4 e6 2. d4 d5 3. Nc3 c5 4. exd5 cxd4 5. Qxd4 Nc6 6. Bb5 exd5 7. Qe5+ Be6 8. Bxc6+ bxc6 9. Nf3 Bd6 10. Qxg7 Qf6
11. Qxf6 Nxf6 12. O-O Rg8 13. Re1 Kf8 14. Bh6+ Ke7 15. Bg5 Bc7 16. Bxf6+ Kxf6 17. Nd4 Bd7 18. Re3 Rab8 19. Rf3+ Kg7 20. Nf5+ Kg6
21. Ne7+ Kg7 22. Nxg8 Kxg8 23. Nd1 Kh8 24. Rxf7 Rd8 25. Ne3
1-0

[Event "1700's Anonymous - The Saga Continues..."]
[Site "SchemingMind.com"]
[Date "2012.02.06"]
[Round "-"]
[White "emvarela"]
[Black "Clive Everill"]
[Result "0-1"]
[WhiteCountry "ARG"]
[BlackCountry "CZE"]
[WhiteElo "1778"]
[WhiteRD "48"]
[BlackElo "1809"]
[BlackRD "55"]
[GameID "302482"]

1. e4 e5 2. Nf3 Nf6 3. Nxe5 d6 4. Nf3 Nxe4 5. d4 d5 6. Bd3 Bd6 7. O-O O-O 8. c4 c6 9. cxd5 cxd5 10. Nc3 Bf5
11. Qb3 Nd2 12. Bxd2 Bxd3 13. Rfe1 Bc4 14. Qc2 Be7 15. Ne5 Ba6 16. Re3 Nc6 17. Nxc6 bxc6 18. Rae1 Re8 19. Rh3 g6 20. Ne2 Rc8
21. f4 Bf6 22. f5 Rxe2 23. Rxe2 Bxe2 24. Bf4 Bxd4+ 25. Be3 Bxe3+ 26. Rxe3 Bh5 27. fxg6 Bxg6 28. Qe2 Qb6 29. Kf1 Kf8 30. Rb3 Qd4
0-1

[Event "1700's Anonymous - The Saga Continues..."]
[Site "SchemingMind.com"]
[Date "2012.02.06"]
[Round "-"]
[White "emvarela"]
[Black "Transcendent"]
[Result "1-0"]
[WhiteCountry "ARG"]
[BlackCountry "ENG"]
[WhiteElo "1778"]
[WhiteRD "48"]
[BlackElo "1584"]
[BlackRD "74"]
[GameID "302483"]

1. e4 c6 2. d4 d5 3. Nc3 dxe4 4. Nxe4 Bf5 5. Ng3 Bg6 6. h4 h6 7. h5 Bh7 8. Nf3 Nd7 9. Bd3 Bxd3 10. Qxd3 e6
11. Bf4 Ngf6 12. O-O-O Qa5 13. Kb1 Be7 14. Ne5 O-O 15. Ne4 Nxe4 16. Qxe4 Nf6 17. Qf3 Nd5 18. Bd2
1-0

[Event "1700's Anonymous - The Saga Continues..."]
[Site "SchemingMind.com"]
[Date "2012.02.06"]
[Round "-"]
[White "David Hartley"]
[Black "emvarela"]
[Result "0-1"]
[WhiteCountry "ENG"]
[BlackCountry "ARG"]
[WhiteElo "1814"]
[WhiteRD "74"]
[BlackElo "1778"]
[BlackRD "48"]
[GameID "302484"]

1. e4 e5 2. Nf3 Nc6 3. Bb5 a6 4. Ba4 Nf6 5. O-O Be7 6. Re1 b5 7. Bb3 O-O 8. c3 d5 9. exd5 Nxd5 10. d4 exd4
11. Nxd4 Nxd4 12. Bxd5 Qxd5 13. Rxe7 Bb7 14. f3 Ne6 15. Rd7 Qxd1+ 16. Rxd1 Rfd8 17. Rxd8+ Rxd8 18. Bd2 Nc5 19. Kf1 Nd3 20. b3 c5
21. Na3 Nb2 22. Re1 c4 23. bxc4 Nxc4 24. Nxc4 bxc4 25. Kf2 Rxd2+
0-1

[Event "1700's Anonymous - The Saga Continues..."]
[Site "SchemingMind.com"]
[Date "2012.02.06"]
[Round "-"]
[White "Clive Everill"]
[Black "emvarela"]
[Result "1-0"]
[WhiteCountry "CZE"]
[BlackCountry "ARG"]
[WhiteElo "1809"]
[WhiteRD "55"]
[BlackElo "1778"]
[BlackRD "48"]
[GameID "302485"]

1. Nf3 d5 2. g3 Nf6 3. Bg2 c6 4. c4 dxc4 5. Na3 e6 6. Nxc4 Be7 7. O-O O-O 8. b3 Qc7 9. Bb2 Nbd7 10. d3 Nb6
11. Be5 Qd7 12. Nxb6 axb6 13. Qc2 b5 14. d4 Nd5 15. e4 Nb4 16. Qd1 Rxa2 17. Rxa2 Nxa2 18. Qa1 Nb4 19. Rd1 f6 20. Bf4 b6
21. e5 Nd5 22. Bc1 Bb7 23. Qb2 Ra8 24. Bd2 Nb4 25. Ra1 Qc8 26. exf6 Rxa1+ 27. Qxa1 gxf6 28. Qa3 Nd5 29. Qc1 c5 30. dxc5 bxc5
31. Nh4 c4 32. bxc4 bxc4 33. Qd1 f5 34. Nf3 c3 35. Bc1 Nb4 36. Qd4 Na2 37. Bh6 Kf7 38. Ne5+
1-0

[Event "1700's Anonymous - The Saga Continues..."]
[Site "SchemingMind.com"]
[Date "2012.02.06"]
[Round "-"]
[White "Transcendent"]
[Black "emvarela"]
[Result "0-1"]
[WhiteCountry "ENG"]
[BlackCountry "ARG"]
[WhiteElo "1584"]
[WhiteRD "74"]
[BlackElo "1778"]
[BlackRD "48"]
[GameID "302486"]

1. d4 Nf6 2. c4 e6 3. g3 c5 4. d5 exd5 5. cxd5 d6 6. Bg2 g6 7. Nc3 Bg7 8. Nf3 O-O 9. O-O a6 10. h3 b5
11. a3 Bb7 12. Bg5 Nbd7 13. e4 Ne5 14. Nxe5 dxe5 15. f4 h6 16. Bxf6 Bxf6 17. f5 gxf5
0-1

[Event "1700's Anonymous - The Saga Continues..."]
[Site "SchemingMind.com"]
[Date "2012.02.01"]
[Round "-"]
[White "Majoanis"]
[Black "David Hartley"]
[Result "1-0"]
[WhiteCountry "CAN"]
[BlackCountry "ENG"]
[WhiteElo "1862"]
[WhiteRD "58"]
[BlackElo "1817"]
[BlackRD "66"]
[GameID "302489"]

1. Nf3 d5 2. c4 e6 3. d4 Nf6 4. g3 dxc4 5. Bg2 Nc6 6. O-O a6 7. e3 Bd7 8. Qe2 b5 9. Rd1 Bd6 10. e4 e5
11. dxe5 Nxe5 12. Nxe5 Bxe5 13. f4
1-0

[Event "1700's Anonymous - The Saga Continues..."]
[Site "SchemingMind.com"]
[Date "2012.02.01"]
[Round "-"]
[White "Majoanis"]
[Black "Clive Everill"]
[Result "1-0"]
[WhiteCountry "CAN"]
[BlackCountry "CZE"]
[WhiteElo "1868"]
[WhiteRD "55"]
[BlackElo "1733"]
[BlackRD "56"]
[GameID "302490"]

1. Nf3 Nc6 2. d4 d6 3. g3 Bg4 4. Bg2 e5 5. dxe5 dxe5 6. O-O Nf6 7. c4 Be7 8. Nc3 O-O 9. h3 Bd7 10. Bg5 h6
11. Bxf6 Bxf6 12. Nd5 Be6 13. Nxf6+ Qxf6 14. Qc2 Rfd8 15. Rad1 Rxd1 16. Rxd1 Rd8 17. b3 Rxd1+ 18. Qxd1 Nb4 19. Qa1 e4 20. Qxf6 gxf6
21. Nd4 f5 22. a3 Na6 23. f3 exf3 24. Bxf3 c6 25. Kf2 Kg7 26. Ke3 Kf6 27. Kf4 Bd7 28. h4 Nc7 29. Bg2 Ne8 30. Bh3 c5
31. Nxf5 Bxf5 32. Bxf5 Nd6 33. Bd3 a6 34. g4 b6 35. g5+ hxg5+ 36. hxg5+ Ke6 37. Bh7 b5 38. Bd3 bxc4 39. Bxc4+ Ke7 40. Ke5 a5
41. a4 Nb7 42. Kd5 f6 43. g6 f5 44. Kc6 Nd8+ 45. Kxc5 Kf6 46. Bf7 Nxf7 47. gxf7 Kxf7 48. Kb5 Ke6 49. Kxa5
1-0

[Event "1700's Anonymous - The Saga Continues..."]
[Site "SchemingMind.com"]
[Date "2012.02.06"]
[Round "-"]
[White "Majoanis"]
[Black "emvarela"]
[Result "1/2-1/2"]
[WhiteCountry "CAN"]
[BlackCountry "ARG"]
[WhiteElo "1887"]
[WhiteRD "54"]
[BlackElo "1803"]
[BlackRD "48"]
[GameID "302491"]

1. Nf3 d5 2. d4 Nf6 3. c4 c6 4. cxd5 cxd5 5. Nc3 Nc6 6. Bf4 Bf5 7. e3 e6 8. Bd3 Bxd3 9. Qxd3 Bd6 10. Bxd6= Qxd6
11. O-O O-O 12. Rfc1 e5 13. dxe5 Nxe5 14. Nxe5 Qxe5 15. Rd1 Rfd8 16. Qd4 Qxd4 17. Rxd4 Rd7 18. Rad1 Rad8 19. h3 a6 20. e4 dxe4
21. Rxd7 Rxd7 22. Rxd7 Nxd7 23. Nxe4=
1/2-1/2

[Event "1700's Anonymous - The Saga Continues..."]
[Site "SchemingMind.com"]
[Date "2012.02.04"]
[Round "-"]
[White "Majoanis"]
[Black "Transcendent"]
[Result "1-0"]
[WhiteCountry "CAN"]
[BlackCountry "ENG"]
[WhiteElo "1887"]
[WhiteRD "54"]
[BlackElo "1614"]
[BlackRD "75"]
[GameID "302492"]

1. Nf3 c5 2. c4 Nf6 3. g3 g6 4. Bg2 Bg7 5. O-O O-O 6. d4 cxd4 7. Nxd4 Nc6 8. Nc3 Qb6 9. Nb3 d6 10. Be3 Qd8
11. Rc1 Qe8 12. Bg5 h6 13. Bxf6 Bxf6 14. Nd5 Bxb2 15. Rb1 Bg7 16. Nc7 Qd8 17. Nxa8 Be6 18. Bd5 Bxd5 19. cxd5 Ne5 20. Rc1 Qxa8
21. Rc7
1-0

[Event "1700's Anonymous - The Saga Continues..."]
[Site "SchemingMind.com"]
[Date "2012.02.01"]
[Round "-"]
[White "David Hartley"]
[Black "Majoanis"]
[Result "0-1"]
[WhiteCountry "ENG"]
[BlackCountry "CAN"]
[WhiteElo "1817"]
[WhiteRD "66"]
[BlackElo "1862"]
[BlackRD "58"]
[GameID "302493"]

1. e4 c5 2. c3 Nf6 3. e5 Nd5 4. d4 cxd4 5. Nf3 Nc6 6. cxd4 d6 7. Bc4 Nb6 8. Bb3 d5 9. h3 Bf5 10. O-O e6
11. Nc3 Be7 12. Be3 O-O 13. Rc1 Rc8 14. Bc2 Bxc2 15. Rxc2 a6 16. a3 f6 17. Bf4 fxe5 18. dxe5 Rxf4
0-1

[Event "1700's Anonymous - The Saga Continues..."]
[Site "SchemingMind.com"]
[Date "2012.02.01"]
[Round "-"]
[White "Clive Everill"]
[Black "Majoanis"]
[Result "1-0"]
[WhiteCountry "CZE"]
[BlackCountry "CAN"]
[WhiteElo "1791"]
[WhiteRD "54"]
[BlackElo "1887"]
[BlackRD "54"]
[GameID "302494"]

1. c4 c5 2. Nf3 Nf6 3. d4 cxd4 4. Nxd4 Nc6 5. Nc3 g6 6. e4 Nxd4 7. Qxd4 d6 8. Bg5 Bg7 9. Qd2 O-O 10. Bd3 Bd7
11. O-O a6 12. Rfe1 Rc8 13. b3 Rc5 14. Rad1 Ng4 15. Nd5 f6 16. Bh4 Ne5 17. Be2 Rc8 18. f4 Nc6 19. Bf2 Qe8 20. Nb6 Rd8
21. Nxd7 Qxd7 22. Bb6 Rc8 23. c5 Kh8 24. cxd6 exd6 25. Qxd6 Qxd6 26. Rxd6 Rce8 27. Bf3 Rf7 28. e5 fxe5 29. Bxc6 bxc6 30. fxe5 Bxe5
31. Rd8 Re7 32. Rxe8+ Rxe8 33. Kh1 Rb8 34. Bc5 Bf6 35. Re6 Kg7 36. Rxc6 Rd8 37. Rd6 Re8 38. Rd1 Re2 39. a3 Kf7 40. g3 Rb2
41. Rd3 g5 42. g4 Rb1+ 43. Kg2 Rb2+ 44. Kh3 Be5 45. Bg1 Rb1 46. Kg2 Rb2+ 47. Kh3 Rb1 48. Bf2 Rb2 49. Bg3 Bxg3 50. Rxg3 Kf6
51. b4 Ke5 52. Rc3 Kf4 53. Rc4+ Ke5 54. Rc5+ Kf6 55. Rc6+ Ke5 56. Rxa6 Rb3+ 57. Kg2 Kf4 58. Rf6+ Kxg4 59. Rh6 Rb2+ 60. Kg1 Rb1+
61. Kf2 Rb2+ 62. Ke1 Kf3 63. Rxh7 Ke3 64. Kd1 Kd3 65. Ke1 Ke3 66. Rh3+ Kf4 67. Kd1 g4 68. Rh4 Kf3 69. Rh7 Ke3 70. Re7+ Kf3
71. Rf7+ Ke3 72. Rg7 Kf3 73. Rf7+ Ke3 74. Rh7 Kf3 75. Rh5 Ra2 76. b5 Rxa3 77. b6 Rb3 78. Rh6 Kg2 79. Kc2 Rb5 80. Kc3 Kf3
81. Kc4 Rb2 82. Kc5 Kf4 83. Kc6 Kg5 84. Rh8 Rc2+ 85. Kb7 Kf6 86. Kb8 Ke6 87. b7 Kd7 88. Rh7+ Kd6 89. Rh4 Kd7 90. Rxg4 Rxh2
91. Ra4
1-0

[Event "1700's Anonymous - The Saga Continues..."]
[Site "SchemingMind.com"]
[Date "2012.02.06"]
[Round "-"]
[White "emvarela"]
[Black "Majoanis"]
[Result "1-0"]
[WhiteCountry "ARG"]
[BlackCountry "CAN"]
[WhiteElo "1803"]
[WhiteRD "48"]
[BlackElo "1887"]
[BlackRD "54"]
[GameID "302495"]

1. e4 c5 2. Nf3 Nc6 3. d4 cxd4 4. Nxd4 Nf6 5. Nc3 d6 6. Bg5 Bd7 7. Be2 Rc8 8. Qd2 Qa5 9. Bxf6 gxf6 10. Nxc6 Bxc6
11. Nd5 Qxd2+ 12. Kxd2 Bh6+ 13. Ke1 Bxd5 14. exd5 Rxc2 15. Bb5+ Kd8 16. b3 Kc7 17. Bc4 Rg8 18. g3 Bg7 19. a4 f5 20. Rd1 Bc3+
21. Kf1 e6 22. dxe6 fxe6 23. Bxe6 Re8 24. Bxf5 Rb2 25. Bd3 Rxb3 26. Rc1 h6 27. Rc2 Kb8 28. Kg2 d5 29. Rhc1 d4 30. Bc4 Rf8=
31. Bxb3
1-0

[Event "1700's Anonymous - The Saga Continues..."]
[Site "SchemingMind.com"]
[Date "2012.02.04"]
[Round "-"]
[White "Transcendent"]
[Black "Majoanis"]
[Result "0-1"]
[WhiteCountry "ENG"]
[BlackCountry "CAN"]
[WhiteElo "1584"]
[WhiteRD "74"]
[BlackElo "1838"]
[BlackRD "55"]
[GameID "302496"]

1. d4 Nf6 2. c4 e6 3. g3 Bb4+ 4. Bd2 a5 5. Bg2 O-O 6. Nf3 d5 7. Qc2 Nc6 8. a3 Bxd2+ 9. Nbxd2 dxc4 10. Qxc4 Qd5
11. Qxd5 exd5 12. O-O Bf5 13. Rac1 Rfe8 14. e3 Ne4 15. Rfd1 h6 16. Nxe4 Bxe4 17. Rc5 Rad8 18. Ne1 Bxg2 19. Nxg2 g5 20. Rdc1 Rd7
21. Ne1 Ree7
0-1

[Event "1700's Anonymous - The Saga Continues..."]
[Site "SchemingMind.com"]
[Date "2012.02.01"]
[Round "-"]
[White "Olli Ylönen"]
[Black "David Hartley"]
[Result "0-1"]
[WhiteCountry "FIN"]
[BlackCountry "ENG"]
[WhiteElo "1815"]
[WhiteRD "53"]
[BlackElo "1817"]
[BlackRD "66"]
[GameID "302534"]

1. e4 e6 2. d4 d5 3. Nc3 Nf6 4. Bg5 Be7 5. e5 Nfd7 6. h4 Bxg5 7. hxg5 Qxg5 8. Nf3 Qe7 9. Bd3 Nc6 10. Qd2 h6
11. Nb5 Nb6 12. O-O-O a6 13. Nxc7+ Qxc7 14. Ng5 Nxd4 15. Qf4 Nc6 16. Nxf7 Qxf7 17. Qg3 Ne7 18. Be2 Bd7 19. Qb3 Qxf2 20. Bh5+ g6
21. Rhf1 Qc5
0-1

[Event "1700's Anonymous - The Saga Continues..."]
[Site "SchemingMind.com"]
[Date "2012.02.01"]
[Round "-"]
[White "Olli Ylönen"]
[Black "Majoanis"]
[Result "0-1"]
[WhiteCountry "FIN"]
[BlackCountry "CAN"]
[WhiteElo "1843"]
[WhiteRD "55"]
[BlackElo "1887"]
[BlackRD "54"]
[GameID "302535"]

1. e4 c5 2. c3 Nf6 3. e5 Nd5 4. d4 cxd4 5. Nf3 Nc6 6. Bc4 Nb6 7. Bb3 d5 8. exd6 Qxd6 9. O-O Be6 10. Na3 dxc3
11. Qe2 Bxb3 12. Nb5 Qb8 13. axb3 e5 14. Nbd4 Nxd4 15. Nxd4 f6 16. bxc3 Kf7 17. Nb5 a6 18. Be3 axb5 19. Bxb6 Rxa1 20. Rxa1 Qe8
21. Ra5 b4 22. cxb4 Qe6 23. Rb5 Qxb3 24. h4 Be7 25. Qe4 Qd1+ 26. Kh2 Qd7 27. Qd5+ Qxd5 28. Rxd5 Bxb4 29. Rd7+ Kg6 30. Rxb7 Bc3
31. h5+ Kxh5 32. Rxg7 Kh6 33. Rg3 Bd2 34. Bc5 Bf4 35. Be3 Bxe3 36. Rxe3 Kg5 37. Re4 Rd8 38. Kh3 Rd2 39. f3 Rd4 40. Re3 Kf4
41. Ra3 Kg5 42. Ra8= Rd1 43. Kh2 f5 44. Re8 Kf4 45. g3+ Kxf3 46. Rxe5 Kg4 47. Re2 Rd3 48. Rg2 Rf3 49. Rg1 Rf2+ 50. Kh1 h6
51. Rg2 Rxg2 52. Kxg2 h5 53. Kh2 Kf3 54. Kh3 Ke2 55. Kh4 Kf2 56. Kh3 Kg1
0-1

[Event "1700's Anonymous - The Saga Continues..."]
[Site "SchemingMind.com"]
[Date "2012.02.01"]
[Round "-"]
[White "Olli Ylönen"]
[Black "Clive Everill"]
[Result "0-1"]
[WhiteCountry "FIN"]
[BlackCountry "CZE"]
[WhiteElo "1816"]
[WhiteRD "55"]
[BlackElo "1809"]
[BlackRD "55"]
[GameID "302536"]

1. e4 d6 2. d4 Nf6 3. e5 dxe5 4. dxe5 Qxd1+ 5. Kxd1 Ng4 6. Ke1 Nxe5 7. Bf4 Nbc6 8. Bb5 Bd7 9. Bxc6 Nxc6 10. Nc3 e5
11. Nd5 Bd6 12. Be3 Be6 13. c4 O-O-O 14. Ne2 f5 15. f3 f4 16. Bd2 g5 17. Bc3 Bc5 18. h4 g4 19. Nexf4 Bxd5 20. Nxd5 gxf3
21. gxf3 Rhg8 22. Nf6 Rg7 23. Ng4 Bd4 24. Bxd4 Rxd4 25. b3 Nb4 26. Ne3 Rf7 27. Ke2 e4 28. fxe4 Rxe4 29. Rh3 Nc2 30. Rc1 Nd4+
31. Kd3 Rff4 32. h5 c5 33. Nd5 Rh4 34. Rxh4 Rxh4 35. Nf6 Rh3+ 36. Ke4 h6
0-1

[Event "1700's Anonymous - The Saga Continues..."]
[Site "SchemingMind.com"]
[Date "2012.02.06"]
[Round "-"]
[White "Olli Ylönen"]
[Black "emvarela"]
[Result "1-0"]
[WhiteCountry "FIN"]
[BlackCountry "ARG"]
[WhiteElo "1840"]
[WhiteRD "54"]
[BlackElo "1697"]
[BlackRD "45"]
[GameID "302537"]

1. e4 e5 2. Nf3 Nc6 3. Bb5 a6 4. Bxc6 dxc6 5. O-O Qd6 6. Na3 b5 7. c3 c5 8. Nc2 Bb7 9. d4 cxd4 10. cxd4 exd4
11. Nfxd4 O-O-O 12. Qg4+ Qd7 13. Qxd7+ Rxd7 14. f3 Bc5 15. Be3 Bxd4 16. Bxd4 f6 17. Rac1 Ne7 18. b3 Rhd8 19. Bf2 f5 20. exf5 Nxf5
21. Ne3 Nd4 22. Rfe1 Bxf3 23. gxf3 Nxf3+ 24. Kf1 Nxe1 25. Kxe1 Re8 26. Rd1 Rxd1+ 27. Kxd1 Kd7 28. Kd2 c6 29. Nc2 a5 30. b4 axb4
31. Nxb4 Kd6 32. Kd3 c5 33. Nc2 c4+ 34. Kd4 Re2 35. Bg3+ Kc6 36. Nb4+ Kb6 37. Nd5+ Ka5 38. Nc3 Rd2+ 39. Kc5 b4 40. Bc7+ Ka6
41. Kxb4
1-0

[Event "1700's Anonymous - The Saga Continues..."]
[Site "SchemingMind.com"]
[Date "2012.02.04"]
[Round "-"]
[White "Olli Ylönen"]
[Black "Transcendent"]
[Result "1-0"]
[WhiteCountry "FIN"]
[BlackCountry "ENG"]
[WhiteElo "1816"]
[WhiteRD "55"]
[BlackElo "1584"]
[BlackRD "74"]
[GameID "302538"]

1. e4 c6 2. d4 d5 3. exd5 cxd5 4. Bd3 Nc6 5. c3 Qc7 6. Bg5 Nf6 7. Nd2 Bg4 8. Ngf3 h6 9. Bh4 g5 10. Bg3 Qd8
11. O-O Bg7 12. h3 Bxf3 13. Nxf3 O-O 14. h4 Ne4 15. hxg5 Nxg3 16. fxg3 hxg5 17. Nxg5 e5 18. Qh5
1-0

[Event "1700's Anonymous - The Saga Continues..."]
[Site "SchemingMind.com"]
[Date "2012.02.01"]
[Round "-"]
[White "David Hartley"]
[Black "Olli Ylönen"]
[Result "1-0"]
[WhiteCountry "ENG"]
[BlackCountry "FIN"]
[WhiteElo "1817"]
[WhiteRD "66"]
[BlackElo "1815"]
[BlackRD "53"]
[GameID "302539"]

1. e4 e5 2. Nf3 Nc6 3. Bc4 Nf6 4. Ng5 Bc5 5. Bxf7+ Ke7 6. Bd5 Rf8 7. O-O d6 8. h3 h6 9. Nf3 Qe8 10. c3 Qh5
11. d4 Bb6 12. Bxc6 bxc6 13. dxe5 dxe5 14. Re1 Kf7 15. Nbd2 Kg8 16. Nc4 Be6 17. Ncxe5 Rad8 18. Qe2 Bxh3 19. gxh3 Qxh3 20. Qf1 Qg3+
21. Kh1 Ng4 22. fxg3
1-0

[Event "1700's Anonymous - The Saga Continues..."]
[Site "SchemingMind.com"]
[Date "2012.02.01"]
[Round "-"]
[White "Majoanis"]
[Black "Olli Ylönen"]
[Result "0-1"]
[WhiteCountry "CAN"]
[BlackCountry "FIN"]
[WhiteElo "1868"]
[WhiteRD "55"]
[BlackElo "1825"]
[BlackRD "58"]
[GameID "302540"]

1. c4 g6 2. Nf3 Nf6 3. g3 Bg7 4. Bg2 O-O 5. O-O d6 6. d4 c6 7. Nc3 Qa5 8. h3 e5 9. e4 exd4 10. Nxd4 Qc5
11. Nb3 Qb4 12. Bf4 Ne8 13. c5 dxc5 14. a3 Qc4 15. Rc1 b6 16. Nd5 Qa6 17. Ne7+ Kh8 18. Bxb8 Rxb8 19. Nxc6 Rb7 20. e5 Rc7
21. Re1 Be6 22. Nd2 Qc8 23. Qa4 Bd7
0-1

[Event "1700's Anonymous - The Saga Continues..."]
[Site "SchemingMind.com"]
[Date "2012.02.01"]
[Round "-"]
[White "Clive Everill"]
[Black "Olli Ylönen"]
[Result "1-0"]
[WhiteCountry "CZE"]
[BlackCountry "FIN"]
[WhiteElo "1791"]
[WhiteRD "54"]
[BlackElo "1843"]
[BlackRD "55"]
[GameID "302541"]

1. Nf3 Nf6 2. c4 c6 3. Nc3 d5 4. d4 e6 5. g3 dxc4 6. Ne5 b5 7. Bg2 Nd5 8. O-O Bb7 9. Ne4 Nd7 10. f4 Be7
11. Nc3 O-O 12. e4 Nxc3 13. bxc3 Nxe5 14. fxe5 f6 15. exf6 Rxf6 16. Rxf6 Bxf6 17. e5 Bg5 18. Ba3 Qa5 19. Bb4 Qb6 20. Bc5 Qa5
21. Qc2 Be3+ 22. Kh1 Qc7 23. Be4 g6 24. Rf1 Qg7 25. Rf6 Re8 26. Bxg6 Kh8 27. Bh5 Qg5 28. Bxe8
1-0

[Event "1700's Anonymous - The Saga Continues..."]
[Site "SchemingMind.com"]
[Date "2012.02.06"]
[Round "-"]
[White "emvarela"]
[Black "Olli Ylönen"]
[Result "1-0"]
[WhiteCountry "ARG"]
[BlackCountry "FIN"]
[WhiteElo "1740"]
[WhiteRD "47"]
[BlackElo "1819"]
[BlackRD "52"]
[GameID "302542"]

1. e4 e5 2. Nf3 Nf6 3. Nxe5 d6 4. Nf3 Nxe4 5. d4 d5 6. Bd3 Nc6 7. O-O Be7 8. Re1 Bg4 9. c3 f5 10. Qb3 O-O
11. Nbd2 Kh8 12. h3 Bh5 13. Qxb7 Rf6 14. Bxe4 fxe4 15. Nh2 Rb8 16. Qa6 Nxd4 17. Qxa7 Ra8 18. Qxd4 c5 19. Qe3
1-0

[Event "1700's Anonymous - The Saga Continues..."]
[Site "SchemingMind.com"]
[Date "2012.02.04"]
[Round "-"]
[White "Transcendent"]
[Black "Olli Ylönen"]
[Result "0-1"]
[WhiteCountry "ENG"]
[BlackCountry "FIN"]
[WhiteElo "1584"]
[WhiteRD "74"]
[BlackElo "1816"]
[BlackRD "55"]
[GameID "302543"]

1. d4 Nf6 2. c4 g6 3. g3 Bg7 4. Bg2 O-O 5. Nc3 d6 6. Nf3 Nbd7 7. O-O e5 8. e4 a6 9. h3 b5 10. cxb5 axb5
11. Nxb5 Ba6 12. Nc3 Bxf1 13. Bxf1 exd4 14. Nxd4 Nc5 15. Bg2 Rc8 16. Bg5 Qe8 17. f3 h6 18. Be3 d5 19. Nb3 Nxb3 20. Qxb3 dxe4
21. fxe4 h5
0-1